000 00736cab a2200253 4500
001 WB3328-08
008 090401t1997 xxu||||| |||| 00| 0 eng d
035 _a(Sirsi) u79674
041 _aeng
245 _aSkill shortages push up costs
260 _c1997
350 _a0
490 _aTimes
_v15 July 1997, 26(1)
520 _aShortages of bricklayers, plasterers and carpenters are helping to drive up both wages and costs in the building industry.
650 _aBRICKLAYERS
650 _aBUILT ENVIRONMENT-BUILDING COSTS
650 _aCARPENTERS
650 _aCONSTRUCTION MARKET
650 _aSKILL SHORTAGES
650 _aWAGES
690 _aBUILT ENVIRONMENT-BUILDING COSTS
942 _n0
948 _c16/07/1997
999 _c50116
_d50116